00411nam a2200145Ia 4500008004100000041000900041082001500050100001700065245002500082260003300107300000800140650000800148999001700156952009200173230718s9999 xx 000 0 und d aEng. a420bHOO-H aHoover, Thon 0aHow to live with idd aPakistanbFranklin forc2005 a255 aLaw c26094d26094 00104070aSIRC-LbSIRC-Ld2023-07-18l0o420 HOO-Hp21046r2023-07-18w2023-07-18yBK